Anatomia-quiz o kościach - Statystyki

Ogólne statystyki
  • Ten quiz został rozwiązany 210 razy
  • Średni wynik to 5 z 10
Statystyki odpowiedzi
Zagadnienie Odpowiedź % Poprawnych
Ile kości ma dorosły człowiek? 206
96%
Ilość kręgów piersiowych u człowieka to: 12
70%
Tibia to po łacinie kość piszczelowa
65%
Staw skokowy górny tworzą: kości: skokowa, piszczelowa i strzałkowa
64%
Guzek mniejszy znajduję się na: kości ramiennej
59%
Siodło tureckie znajduje się w: kości klinowej
42%
wyrostek jarzmowy to element: kości skroniowej
35%
powierzchnia stawowa na nasadzie bliższej kości promieniowej, służąca do połączenia z kością ramienną znajduje się na: dołku głowy
29%
więzadło krzyżowe przednie jest przyczepione do: kłykcia bocznego kości udowej
26%
wyrostki żebrowe występują w: kręgach lędżwiowych
17%
Nie znaleziono quizów pasujących do podanych kryteriów
Rozkład punktacji
Procent ludzi z każdym wynikiem
Percentyl według liczby udzielonych odpowiedzi
Twoja historia wyników
Nie rozwiązałeś tego quizu